| 000 | 00650nam a2200217Ia 4500 | ||
|---|---|---|---|
| 001 | b1900-22102 [575] | ||
| 003 | IT-MiCISF | ||
| 008 | 161014s9999||||xx |||||||||||||| ||und|| | ||
| 040 |
_aIT-MiCISF _cIT-MiCISF |
||
| 041 | _ait | ||
| 100 | _aZoppi Giuseppe | ||
| 245 | 0 |
_aRagazzi e adolescenti _bCrescita e abitudini di vita |
|
| 250 | _a1a ed. | ||
| 260 |
_a Verona _bCortina International _c1986 |
||
| 300 | _ap. 270 | ||
| 500 | _a / adolescenza, giovani, educazione-alla-salute, pubertà , scuola, valori, tempo-libero, televisione / | ||
| 650 | _aetà -evolutiva | ||
| 700 | _aBressan Franco | ||
| 942 | _cBK | ||
| 957 | _71 | ||
| 999 |
_a22102 _bsi _g1 _c215626 _d215626 |
||